Улучшение топливоиспользования и управление теплообменом в металлургических печах

Dades bibliogràfiques
Autor principal: Лисиенко В. Г.
Altres autors: Волков В. В., Маликов Ю. К.
Idioma:rus
Publicat: Москва, Металлургия, 1988
Col·lecció:Экономия топлива и электроэнергии
Matèries:
Format: Llibre
KOHA link:https://koha.lib.tpu.ru/cgi-bin/koha/opac-detail.pl?biblionumber=259285

MARC

LEADER 00000nam0a2200000 4500
001 259285
005 20231101233356.0
010 |a 5229000090 
035 |a (RuTPU)RU\TPU\book\282209 
090 |a 259285 
100 |a 20140507d1988 k y0rusy50 ca 
101 0 |a rus 
102 |a RU 
105 |a a z 001zy 
200 1 |a Улучшение топливоиспользования и управление теплообменом в металлургических печах  |f В. Г. Лисиенко, В. В. Волков, Ю. К. Маликов 
210 |a Москва  |c Металлургия  |d 1988 
215 |a 231 с.  |c ил. 
225 1 |a Экономия топлива и электроэнергии 
320 |a Библиогр.: с. 227-230. 
606 1 |a Металлургические печи  |2 stltpush  |3 (RuTPU)RU\TPU\subj\72814  |9 86207 
610 1 |a топливо 
610 1 |a использование 
610 1 |a теплообмен 
610 1 |a управление 
610 1 |a расходы 
610 1 |a нормирование 
610 1 |a расчет 
610 1 |a оптимизация 
675 |a 669.041  |v 3 
700 1 |a Лисиенко  |b В. Г. 
701 1 |a Волков  |b В. В. 
701 1 |a Маликов  |b Ю. К. 
801 1 |a RU  |b 63413507  |c 20140507 
801 2 |a RU  |b 63413507  |c 20160331  |g RCR 
942 |c BK